Quizzes
Events
Quiz Creation
Community
Videos
Private Events
Remove Ads
Sign In
Join for FREE
Feedback
Dark Mode
Quiz Categories
Sports
Geography
Music
Movies
Television
Just For Fun
Miscellaneous
History
Literature
Language
Science
Gaming
Entertainment
Religion
Holiday
For Kids
Quiz Lab
Recent
Popular Today
Quiz Kudos Today
Editor Picks
Curator Picks
Quizzes by...
Day
Popularity
Type
Ratings
Length
Year
Community
Subscriptions
Recent Discussions
Orange Saloon
Badges
Playlists
Quests
Create
Leaderboards
Showdown
Live 5
Trivia Bingo
Activity
Puzzle Library
Sporcle Events
Private Events
Virtual Trivia
Globe League
Become a Host
Pub Owners
SporcleCon
Opinionation
Our Games
Videos
Blog
Mobile Apps
Partnerships
Remove Ads and Go Orange
Feedback
Sports
Athletes
MLB
NBA
NHL
NFL
Soccer
Sports Teams
WWE
NCAA
Football
Premier League
Basketball
Baseball
Hockey
Golf
Tennis
Cricket
Rugby
Auto Racing
Olympics
World Cup
Sports
Athletes
MLB
NBA
NHL
NFL
Soccer
Sports Teams
WWE
NCAA
Football
Premier League
Basketball
Baseball
Hockey
Golf
Tennis
Cricket
Rugby
Auto Racing
Olympics
World Cup
Random Quiz
Search Sporcle
×
Quiz Lab
Quiz Lab
Sports
WWE
Type in answers that appear in a list
Type in answers that appear in a list
Classic
Best Score? Go Orange.
2016 Dusty Rhodes Tag Team Classic Stats
Can you name the 2016 Dusty Rhodes Tag Team Classic Participants?
By
janinho
10m
32 Questions
135 Plays
135 Plays
135 Plays
Comments
Comments
Give Quiz Kudos
Give Quiz Kudos
-
- Ratings
hide this ad
Replay
Link that replays current quiz
Next Quiz
Link to next quiz in quiz playlist
You Got
0%
They Got
Avg Score
68%
Avg Friend Score
Upgrade to see
Score Distribution
Jump to the score distribution portion of the page
Score
0/32
Timer
10:00
0
Plays Today
Participants
% Correct
Akam
88.9%
Rezar
87.4%
Johnny Gargano
85.2%
Scott Dawson
85.2%
Tommaso Ciampa
85.2%
Dash Wilder
84.4%
Alexander Wolfe
82.2%
Nick Miller
82.2%
Shane Thorne
82.2%
Kota Ibushi
82.2%
TJ Perkins
81.5%
Sawyer Fulton
80.7%
Austin Aries
79.3%
Bobby Roode
79.3%
Roderick Strong
79.3%
Tye Dillinger
78.5%
Participants
% Correct
Rich Swann
76.3%
Cedric Alexander
74.8%
No Way Jose
69.6%
Andrade Almas
65.9%
Lince Dorado
58.5%
Tony Nese
57%
Drew Gulak
56.3%
Mustafa Ali
52.6%
Tucker Knight
50.4%
Ho Ho Lun
48.1%
Riddick Moss
45.9%
Gurv Sihra
44.4%
Harv Sihra
44.4%
Tino Sabbatelli
44.4%
Tian Bing
43%
Otis Dozovic
34.1%
Quiz Playlist
Details
Report
Send in Message
Add To Playlist
Classic:
Type in answers that appear in a list
Last Updated: Feb 16, 2017
Quiz Scoreboard
CHALLENGE
Sign Up to Join the Scoreboard
Show All
Scores
Hide
Comments
May contain spoilers
Recently Published
Billboard Blitz: Fleetwood Mac
by CooCooCachoo
Music
15s
Presidents Visiting Landmarks
by Hejman
History
7m
An Introduction to Baseball
by treessimontrees
Sports
5m
More to Explore
Quiz From the Vault
Featured Blog Post
Where Did the Easter Bunny Come From?
hide this ad
You Might Also Like...
Tags
WWE Quiz
NXT
Pro Wrestling
Wrestling
Today's Top Quizzes in Sports
Browse Sports
hide this ad
Today's Top Quizzes in WWE
Browse WWE
Top Contributed Quizzes in Sports
1
Les meilleurs buteurs des matchs entre le PSG et l’OM
2
2022 World Cup Stars
3
FIFA Club World Cup Champions
4
Les entraîneurs de l'OM et du PSG au 21e siècle
5
Criteria MLB: Left Handed Sluggers
6
Name the Premier League winners with different clubs
7
5-to-1: UK Sports Teams
8
AFC Teams Reveal (Wrong Answers Minefield)
9
Players with Multiple 50 Home Run Seasons
10
5-to-1: FBS Animal Nicknames
Explore More
Trending Topics
Anime
Disney
NBA
Marvel
Harry Potter
Crossword
Kpop
Soccer
Song
NFL
Puzzle
WWE
Country
The Office
Pokémon
hide this ad
More By:
janinho
Quiz
Plays
Rating
Category
Featured
Created
FIFA World Cup 2018 Nations by Capital
7,277
4.68
Sports
Nov 15, 2017
F1 Drivers 2010-2019
6,054
4.70
Sports
May 13, 2016
Royal Rumble Participants (2010-2018)
2,092
5.00
Sports
Jan 3, 2017
WWE Heavyweight Champions (1963-2024)
1,260
3.25
Sports
Oct 24, 2016
F1 Race Winners since 2000
1,011
5.00
Sports
Jun 2, 2016
Go to Creator's Profile
Score Distribution
Quiz Creator Spotlight
janinho
Follow
Send a Message
Quizzes Created
-
Created Quiz Play Count
-
More By This Creator
Popular Quizzes Today
1
Find the US States - No Outlines Minefield
2
Find the Countries of Europe - No Outlines Minefield
3
The Countries of the World
4
Find the US States
5
US States
6
Popular People in 1961
7
Risky Map Clicking: Biggest States A-Z
8
Movies - When Are They Set?
More Sports Quizzes
Atlanta Hawks Players in Common
Quiz Lab
Trending Quizzes
Risky Map Clicking: Least Populous States A-Z
1-10 Letter G Words
1-10 Letter F Words
Risky Map Clicking: Next State Alphabetically
Risky Map Clicking: Biggest States A-Z
Recently Updated
Leaping Animals
pecheneg
Reality TV Shows (A-Z)
bhenderson79
Rickey Henderson's Hall of Fame Teammates
pecheneg
Champions League XIs: Arsenal
pecheneg
Quick Pick: Celebrities in WWE's Hall of Fame
aduchscher
A-Z Keypad Blitz II
pecheneg
Multiple Oscar Actors
pecheneg
Mystery Phrase Blitz: Oscar 'Best Actors'
pecheneg
F. Scott Fitzgerald Novels
LTH
Pick 3 Villains
ddd62291
Trending Topics
Anime
Marvel
Disney
NBA
Kpop
Harry Potter
Crossword
WWE
Country
NFL
The Office
Soccer
Pokémon
Puzzle
Song
Your Account Isn't Verified!
In order to create a playlist on Sporcle, you need to verify the email address you used during registration. Go to your
Sporcle Settings
to finish the process.
Report this User
Report this user for behavior that violates our
Community Guidelines
.
Details:
Send Report
Go to the Sporcle.com Mobile Site →
Comments